000 01236nam a2200289Ia 4500
003 OSt
005 20251015111047.0
008 221004b |||||||| |||| 00| 0 hin d
020 _a8186565744 (hbk)
037 _cTextual
040 _aCRL
_cCRL
_bhin
041 _2hin
_ahin
084 _a40aY, 152P2
100 _aचतुर्वेदी, जगदीश्वर
_9848345
245 0 _aजनमाध्यम सैद्धांतिकी /
246 _aJanamādhyam saiddhāantikī
260 _aनई दिल्ली, भारत:
_bअनामिका पब्लिशर्स एंड डिस्ट्रीब्यूटर्स,
_c2002.
300 _a272पृ0
_ccm.
490 _aथ्ल्न्च् क्ब् भ्प्छश्रत्छ
650 _aहिन्दी पत्रकारिता
_9848346
700 _aसिंह, सुधा
_9848347
_e(संपादक)
942 _h40aY, 152P2
_cTEXL
_2CC
_n0
999 _c1014950
_d1014950